Pays de l'empire portugais - Statistiques

Statistiques générales
  • Ce quiz a été pris 151 fois
    66 depuis la dernière actualisation
  • Le résultat moyen est 11 sur 18
Statistiques - réponses
% Occupé Pays % Correct
98% Brésil
98%
100% Angola
90%
100% Portugal
90%
<1% Chine
81%
100% Mozambique
79%
100% Cap-Vert
76%
~1% Inde
76%
100% Guinée-Bissau
74%
~1% Indonésie
62%
100% Timor Oriental
60%
100% Sao-Tomé-et-Principe
59%
~5% Maroc
52%
100% Uruguay
48%
<1% Malaisie
34%
~1% Sri Lanka
31%
~1% Oman
28%
<1% Ghana
21%
<1% Iran
21%
Aucun quiz correspondant
Distribution des résultats
% des personnes avec chaque résultat
Percentile par nombre de réponses
Votre historique - résultats
Vous n’avez pas pris ce quiz depuis la dernière actualisation